Syntetické štúdie prípravy cyklických analógov galbazínu
Gespeichert in:
| 1. Verfasser: | |
|---|---|
| Weitere Verfasser: | |
| Format: | Manuskript Buch |
| Sprache: | Slowakisch |
| Veröffentlicht: |
2018
|
| Schlagworte: | |
| Online-Zugang: | http://is.stuba.sk/zp/portal_zp.pl?podrobnosti=126517 |
| Tags: |
Keine Tags, Fügen Sie das erste Tag hinzu!
|
MARC
| LEADER | 00000ntm a22000003a 4500 | ||
|---|---|---|---|
| 001 | stuzp69543 | ||
| 003 | SK-STU | ||
| 005 | 20180623210822.8 | ||
| 007 | ta | ||
| 008 | 150427s2015----xo-----f-mn---000-0-slo-d | ||
| 040 | |a STU |b slo | ||
| 041 | 0 | |a slo | |
| 100 | 1 | |a Dacho, Vladimír |u 048140 |4 aut |U FCHPT Ústav organickej chémie, katalýzy a petrochémie |T FCHPT Oddelenie organickej chémie |X 81901 |U C8140 |Y 124 |7 81901 | |
| 242 | 0 | 1 | |a Synthetic studies towards cyclic analogues of galbazine |y eng |
| 245 | 1 | 0 | |a Syntetické štúdie prípravy cyklických analógov galbazínu |
| 260 | |c 2018 | ||
| 650 | 4 | |a Galbazín® |2 slo | |
| 650 | 4 | |a Minisciho reakcia |2 slo | |
| 650 | 4 | |a prešmyk |2 slo | |
| 650 | 4 | |a pyrazinón |2 slo | |
| 650 | 4 | |a Minisci reaction |2 eng | |
| 650 | 4 | |a rearrangement |2 eng | |
| 650 | 4 | |a pyrazinone |2 eng | |
| 650 | 4 | |a Galbazin® |2 eng | |
| 700 | 1 | |a Szolcsányi, Peter |u 048140 |k Z1 |4 ths |U FCHPT Ústav organickej chémie, katalýzy a petrochémie |T FCHPT Oddelenie organickej chémie |X 3952 |U C8140 |Y 124 |7 A000003952 | |
| 856 | 4 | |u http://is.stuba.sk/zp/portal_zp.pl?podrobnosti=126517 | |